New Zealand Cricket World Test Championship Winning Team - Statistics

General Stats
  • This quiz has been taken 149 times
  • The average score is 10 of 11
Answer Stats
Player % Correct
Kane Williamson
99%
Trent Boult
99%
Tim Southee
98%
Tom Latham
95%
Ross Taylor
92%
Devon Conway
85%
Neil Wagner
84%
BJ Watling
83%
Colin De Grandhomme
78%
Henry Nicholls
78%
Kyle Jamieson
77%
No matching quizzes found
Score Distribution
Percent of People with Each Score
Percentile by Number Answered
Your Score History
You have not taken this quiz